[Event "PRO League Group Stage"]
[Site "chess.com INT"]
[Date "2018.03.07"]
[Round "9"]
[White "Bartell, Thomas"]
[Black "Nagle, Sean"]
[Result "1/2-1/2"]
[WhiteTitle "IM"]
[BlackTitle "IM"]
[WhiteElo "2344"]
[BlackElo "2432"]
[WhiteTeam "Montclair Sopranos"]
[BlackTeam "Minnesota Blizzard"]
[WhiteFideId "2017849"]
[BlackFideId "2013878"]
[EventDate "2018.01.18"]

1. Nf3 g6 2. c4 Bg7 3. d4 Nf6 4. g3 O-O 5. Bg2 d6 6. O-O c6 7. Nc3 Qa5 8. e4 Bg4
9. h3 Bxf3 10. Qxf3 Nbd7 11. Rd1 e5 12. d5 cxd5 13. cxd5 Rfc8 14. Rb1 a6 15. Be3
b5 16. b4 Qd8 17. Rdc1 Nb6 18. a4 Nxa4 19. Nxa4 bxa4 20. Qd1 Qd7 21. Ra1 Rxc1
22. Qxc1 a5 23. bxa5 Rxa5 24. Qc6 h5 25. Ra3 Kh7 26. Qb6 Rb5 27. Qa6 Bh6 28.
Bxh6 Kxh6 29. Qxa4 Rb1+ 30. Kh2 Qxa4 31. Rxa4 Rb2 32. Kg1 Rb7 33. Ra6 Rd7 34. h4
Kg7 35. Ra8 Rc7 36. Bf3 Rc4 37. Rd8 Nxe4 38. Bxe4 Rxe4 39. Rxd6 Rd4 40. Rd8 Kf6
41. Rd7 Kg7 42. Rd8 Kf6 43. Rd7 Kg7 44. Rd8 1/2-1/2

[Event "PRO League Group Stage"]
[Site "chess.com INT"]
[Date "2018.03.07"]
[Round "9"]
[White "Bartell, Thomas"]
[Black "Flores Rios, Mauricio"]
[Result "0-1"]
[WhiteTitle "IM"]
[BlackTitle "GM"]
[WhiteElo "2344"]
[BlackElo "2529"]
[WhiteTeam "Montclair Sopranos"]
[BlackTeam "Minnesota Blizzard"]
[WhiteFideId "2017849"]
[BlackFideId "3408027"]
[EventDate "2018.01.18"]

1. Nf3 Nf6 2. c4 g6 3. g3 Bg7 4. Bg2 O-O 5. O-O d6 6. d4 c6 7. Nc3 Qa5 8. e4 e5
9. h3 Nbd7 10. Re1 exd4 11. Nxd4 Ne5 12. Bf1 Re8 13. Nb3 Qc7 14. Be3 a5 15. Nd2
h5 16. f4 Ned7 17. Bg2 b6 18. Qc2 Bb7 19. Rad1 Nc5 20. b3 Rad8 21. Bf2 Bh6 22.
f5 g5 23. Be3 Qe7 24. Nf3 Nh7 25. Qc1 Bg7 26. Nxg5 Bxc3 27. Nxh7 Be5 28. f6 Qe6
29. Ng5 Qxf6 30. Rf1 Qg6 31. Nxf7 Qxg3 32. Nxe5 dxe5 33. Rxd8 Rxd8 34. Rf5 Nxe4
35. Kh1 c5 36. Qg1 Rd3 37. Rf3 Qg6 38. Kh2 h4 39. Qe1 Ng5 40. Bxg5 Bxf3 41. Bxf3
Rxf3 42. Qxe5 Qc2+ 43. Kg1 Qd1+ 44. Kg2 Qf1+ 0-1

[Event "PRO League Group Stage"]
[Site "chess.com INT"]
[Date "2018.03.07"]
[Round "9"]
[White "Roberson, Peter T"]
[Black "Bacrot, Etienne"]
[Result "0-1"]
[WhiteTitle "IM"]
[BlackTitle "GM"]
[WhiteElo "2412"]
[BlackElo "2722"]
[WhiteTeam "London Towers"]
[BlackTeam "Marseille Migraines"]
[WhiteFideId "412384"]
[BlackFideId "605506"]
[EventDate "2018.01.18"]

1. e4 e5 2. Nf3 Nc6 3. Bc4 Bc5 4. c3 Nf6 5. d4 exd4 6. cxd4 Bb4+ 7. Nbd2 Nxe4 8.
d5 Ne7 9. O-O Nxd2 10. Bxd2 Bxd2 11. d6 cxd6 12. Qxd2 O-O 13. Rad1 d5 14. Bxd5
Nxd5 15. Qxd5 d6 16. b3 Rb8 17. Qxd6 Qxd6 18. Rxd6 Re8 19. h3 Kf8 20. Rc1 Bf5
21. Rc7 Rec8 22. Rxc8+ Rxc8 23. Rd2 Ke7 24. Nd4 Bd7 25. f3 a5 26. Kf2 b5 27. Ke3
Rc1 28. Rc2 Ra1 29. h4 b4 30. g4 g6 31. Re2 f6 32. g5 Rh1 33. Kf4+ Kf7 34. Kg3
Rh3+ 35. Kg2 Rxh4 36. Nc2 Rh5 37. gxf6 Kxf6 38. Ne3 Be6 39. Rc2 Ke5 40. Nc4+ Kd4
41. Kg3 Rh3+ 42. Kf4 Rh4+ 43. Kg3 Rh5 44. Kf4 Rf5+ 45. Kg3 Kd3 46. Rd2+ Kc3 47.
Rd6 Bxc4 48. Rc6 Kb2 49. Rxc4 Kxa2 0-1

[Event "PRO League Group Stage"]
[Site "chess.com INT"]
[Date "2018.03.07"]
[Round "9"]
[White "Roberson, Peter T"]
[Black "Gozzoli, Yannick"]
[Result "1-0"]
[WhiteTitle "IM"]
[BlackTitle "GM"]
[WhiteElo "2412"]
[BlackElo "2565"]
[WhiteTeam "London Towers"]
[BlackTeam "Marseille Migraines"]
[WhiteFideId "412384"]
[BlackFideId "616915"]
[EventDate "2018.01.18"]

1. e4 e5 2. Nf3 Nc6 3. Bc4 Nf6 4. d3 Bc5 5. O-O O-O 6. c3 a6 7. a4 d6 8. Na3 Ba7
9. Nc2 Ne7 10. Be3 c6 11. Bxa7 Rxa7 12. Re1 Ng6 13. d4 Ra8 14. a5 exd4 15. Qxd4
Bg4 16. Nd2 Re8 17. Ne3 Ne5 18. Nxg4 Nfxg4 19. h3 c5 20. Qd5 Nf6 21. Qxb7 Rb8
22. Qxa6 Rxb2 23. Ra2 Rb8 24. Bf1 d5 25. Qe2 dxe4 26. a6 Nd3 27. a7 Ra8 28. Rb1
Nf4 29. Qb5 Qc7 30. Nc4 Rxa7 31. Rxa7 Qxa7 32. Nd6 Rf8 33. Qb7 Qxb7 34. Rxb7 Nd3
35. Re7 g6 36. Nxe4 Nxe4 37. Rxe4 Rd8 38. Rc4 Nc1 39. Rxc5 Rd1 40. g3 Kg7 41.
Kg2 Rd2 42. Rc8 Rc2 43. Rc7 Kf6 44. h4 h6 45. Bb5 g5 46. h5 Na2 47. Bc4 Nxc3 48.
Bxf7 Rc1 49. Bb3 g4 50. Rc4 Kg5 51. Rc5+ Kf6 52. Rc6+ Kg5 53. Bf7 Ne2 54. Rg6+
Kf5 55. Be6+ Ke5 56. Bxg4 Nd4 57. Rxh6 Rc2 58. Rg6 1-0

[Event "PRO League Group Stage"]
[Site "chess.com INT"]
[Date "2018.03.07"]
[Round "9"]
[White "Narayanan, Srinath"]
[Black "Andreikin, Dmitry"]
[Result "1-0"]
[WhiteTitle "GM"]
[BlackTitle "GM"]
[WhiteElo "2527"]
[BlackElo "2712"]
[WhiteTeam "Delhi Dynamite"]
[BlackTeam "Volga Stormbringers"]
[WhiteFideId "5018420"]
[BlackFideId "4158814"]
[EventDate "2018.01.18"]

1. e4 e6 2. d4 d5 3. Nd2 Be7 4. Ngf3 Nf6 5. e5 Nfd7 6. c3 c5 7. Bd3 b6 8. Ne4
cxd4 9. cxd4 Ba6 10. Bxa6 Nxa6 11. Nd6+ Bxd6 12. exd6 O-O 13. O-O Nf6 14. Bf4
Ne4 15. Qa4 Nb8 16. Qa3 g5 17. Nxg5 Nxg5 18. Qg3 h6 19. h4 f6 20. Rac1 Nd7 21.
Rc7 Rf7 22. Rfc1 Qe8 23. hxg5 hxg5 24. Qg4 Rg7 25. Bd2 a5 26. Re1 Nf8 27. Rxg7+
Kxg7 28. f4 Qf7 29. fxg5 f5 30. Qg3 Ng6 31. Rc1 Rd8 32. Bf4 Kg8 33. Rc7 Nxf4 34.
Qxf4 Qh5 35. Rc3 Rd7 36. g6 Qe2 37. Qh6 1-0

[Event "PRO League Group Stage"]
[Site "chess.com INT"]
[Date "2018.03.07"]
[Round "9"]
[White "Narayanan, Srinath"]
[Black "Ivlev, Aleksey"]
[Result "1-0"]
[WhiteTitle "GM"]
[BlackTitle "FM"]
[WhiteElo "2527"]
[BlackElo "2300"]
[WhiteTeam "Delhi Dynamite"]
[BlackTeam "Volga Stormbringers"]
[WhiteFideId "5018420"]
[BlackFideId "24185949"]
[EventDate "2018.01.18"]

1. e4 e5 2. Nf3 Nc6 3. Bb5 a6 4. Ba4 Nf6 5. O-O b5 6. Bb3 Be7 7. Re1 O-O 8. c3
d6 9. h3 Nb8 10. d4 Nbd7 11. Nbd2 Bb7 12. Bc2 Re8 13. Nf1 Bf8 14. Ng3 g6 15. b3
c5 16. d5 c4 17. bxc4 bxc4 18. Rb1 Qc7 19. Bg5 h6 20. Be3 Nc5 21. Bxc5 dxc5 22.
Nd2 h5 23. Nxc4 h4 24. Nf1 Bc8 25. Nfe3 Nh5 26. d6 Qd8 27. Ba4 Qg5 28. d7 Bxd7
29. Bxd7 Red8 30. Qg4 Qe7 31. Bc6 Rac8 32. Nd5 Rxc6 33. Nxe7+ Bxe7 34. Red1 Re8
35. Rb7 Nf6 36. Qe2 1-0

[Event "PRO League Group Stage"]
[Site "chess.com INT"]
[Date "2018.03.07"]
[Round "9"]
[White "Javakhadze, Zurab"]
[Black "Ostrovskiy, Andrey"]
[Result "1-0"]
[WhiteTitle "IM"]
[BlackTitle "IM"]
[WhiteElo "2456"]
[BlackElo "2448"]
[WhiteTeam "Dallas Destiny"]
[BlackTeam "Las Vegas Desert Rats"]
[WhiteFideId "13603647"]
[BlackFideId "14110326"]
[EventDate "2018.01.18"]

1. c4 Nf6 2. Nc3 e6 3. d4 Bb4 4. e3 b6 5. Ne2 Ba6 6. a3 Bxc3+ 7. Nxc3 d5 8. b3
O-O 9. Be2 Nc6 10. O-O Na5 11. cxd5 Bxe2 12. Nxe2 exd5 13. Bd2 Nb7 14. f3 Re8
15. Rc1 c5 16. Nf4 Rc8 17. Re1 Qd7 18. Bc3 c4 19. bxc4 Rxc4 20. Bb2 Nd6 21. Nd3
Rxc1 22. Bxc1 Nc4 23. Nf2 Nd6 24. Bd2 h6 25. Bb4 Nb5 26. Qd3 a5 27. Bd2 Nd6 28.
e4 Nc4 29. Bc1 b5 30. e5 Nh7 31. f4 f5 32. Rf1 Nf8 33. g4 g6 34. Kh1 Kh7 35. Rg1
Rb8 36. h4 b4 37. axb4 axb4 38. h5 b3 39. hxg6+ Kg8 40. gxf5 b2 41. Bxb2 Nxb2
42. Qh3 Kg7 43. f6+ Kg8 44. Qxh6 1-0

[Event "PRO League Group Stage"]
[Site "chess.com INT"]
[Date "2018.03.07"]
[Round "9"]
[White "Javakhadze, Zurab"]
[Black "Zaloznyy, Mike"]
[Result "1-0"]
[WhiteTitle "IM"]
[WhiteElo "2456"]
[BlackElo "2091"]
[WhiteTeam "Dallas Destiny"]
[BlackTeam "Las Vegas Desert Rats"]
[WhiteFideId "13603647"]
[BlackFideId "2023075"]
[EventDate "2018.01.18"]

1. Nf3 d5 2. c4 e6 3. g3 Nf6 4. Bg2 Be7 5. O-O O-O 6. Qc2 c6 7. cxd5 cxd5 8. a3
Nc6 9. b4 Ne4 10. d3 Bf6 11. Bb2 Nd6 12. Nbd2 Bd7 13. Rac1 Rc8 14. Qb1 e5 15. e4
dxe4 16. dxe4 Qe7 17. Nb3 b6 18. h4 h6 19. Ba1 Nb5 20. a4 Nbd4 21. b5 Nxf3+ 22.
Bxf3 Nd4 23. Nxd4 exd4 24. Rfd1 Qa3 25. Be2 Qxa4 26. Bd3 Rc5 27. Rxc5 bxc5 28.
Rc1 Rc8 29. Bc4 Rb8 30. e5 Bxe5 31. Qe4 Qa3 32. Re1 Bxg3 33. Qg6 Qb4 34. Qxf7+
Kh8 35. Re7 Be5 36. Rxe5 Bxb5 37. Re7 Qb1+ 38. Kh2 Qh7 39. Bxb5 d3 40. Bxg7+ 1-0

[Event "PRO League Group Stage"]
[Site "chess.com INT"]
[Date "2018.03.07"]
[Round "9"]
[White "Swapnil, S. Dhopade"]
[Black "Manukian, Artak"]
[Result "0-1"]
[WhiteTitle "GM"]
[WhiteElo "2533"]
[BlackElo "2196"]
[WhiteTeam "Mumbai Movers"]
[BlackTeam "Armenia Eagles"]
[WhiteFideId "5019184"]
[BlackFideId "13301373"]
[EventDate "2018.01.18"]

1. d4 d5 2. c4 e6 3. Nc3 Nf6 4. Nf3 a6 5. cxd5 exd5 6. Bg5 Be6 7. e3 Nbd7 8. Bd3
Bd6 9. O-O h6 10. Bf4 Qe7 11. Qc2 O-O 12. Rfe1 c6 13. a3 Rfe8 14. h3 Nh5 15.
Bxd6 Qxd6 16. b4 b5 17. Ne2 Nb6 18. Qc5 Qc7 19. Ne5 Rec8 20. Rac1 Nc4 21. Bxc4
dxc4 22. Nxc6 Qxc6 23. Qxh5 a5 24. Nc3 Bd7 25. d5 Qb6 26. e4 axb4 27. axb4 Ra3
28. e5 Qd4 29. e6 Be8 30. Qg4 Qxg4 31. hxg4 fxe6 32. dxe6 Rb3 33. Nd5 Rd8 34.
Rcd1 Rd3 35. Rxd3 cxd3 36. Nc7 d2 37. Rd1 Rc8 38. Nd5 Rc1 39. Ne3 Bg6 40. Kh2
Rxd1 41. Nxd1 Bc2 42. Ne3 d1=Q 43. Nxd1 Bxd1 44. Kg3 Kf8 45. Kf4 Ke7 46. Kf5
Bc2+ 47. Ke5 Bb3 48. g5 hxg5 49. Kf5 g4 50. Kxg4 Kxe6 51. Kg5 Bc2 52. f4 g6 53.
g4 Bb1 54. Kh6 Kf6 55. f5 g5 56. Kh5 Bxf5 0-1

[Event "PRO League Group Stage"]
[Site "chess.com INT"]
[Date "2018.03.07"]
[Round "9"]
[White "Swapnil, S. Dhopade"]
[Black "Andriasian, Zaven"]
[Result "0-1"]
[WhiteTitle "GM"]
[BlackTitle "GM"]
[WhiteElo "2533"]
[BlackElo "2585"]
[WhiteTeam "Mumbai Movers"]
[BlackTeam "Armenia Eagles"]
[WhiteFideId "5019184"]
[BlackFideId "13302000"]
[EventDate "2018.01.18"]

1. d4 d5 2. c4 c6 3. Nf3 Nf6 4. e3 Bg4 5. h3 Bxf3 6. Qxf3 e6 7. Nc3 Nbd7 8. Bd2
Bb4 9. Bd3 O-O 10. a3 Ba5 11. cxd5 exd5 12. O-O Re8 13. b4 Bc7 14. b5 Nf8 15.
bxc6 bxc6 16. Rfc1 Ne6 17. h4 c5 18. dxc5 d4 19. exd4 Nxd4 20. Qd1 Nb3 21. Qxb3
Qxd3 22. Bg5 Ng4 23. Qd5 Bh2+ 24. Kh1 Nxf2+ 25. Kxh2 Ng4+ 26. Kg1 Qg3 27. Ne4
Qh2+ 28. Kf1 Qh1+ 29. Ke2 Qxg2+ 30. Kd3 Nf2+ 31. Kc3 Nxe4+ 32. Kc4 Rac8 33. Kb4
Qb2+ 34. Ka5 Rxc5+ 35. Rxc5 Qb6+ 0-1

[Event "PRO League Group Stage"]
[Site "chess.com INT"]
[Date "2018.03.07"]
[Round "9"]
[White "Tania, Sachdev"]
[Black "Sharafiev, Azat"]
[Result "1/2-1/2"]
[WhiteTitle "IM"]
[BlackTitle "IM"]
[WhiteElo "2402"]
[BlackElo "2432"]
[WhiteTeam "Delhi Dynamite"]
[BlackTeam "Volga Stormbringers"]
[WhiteFideId "5007844"]
[BlackFideId "4186214"]
[EventDate "2018.01.18"]

1. d4 e6 2. c4 b6 3. Nf3 Bb7 4. Nc3 f5 5. g3 Nf6 6. Bg2 Bb4 7. O-O Bxc3 8. bxc3
O-O 9. a4 Nc6 10. Ne5 Nxe5 11. Bxb7 Nxc4 12. Bxa8 Qxa8 13. Qd3 Qc6 14. f3 Na5
15. Bd2 Nc4 16. Bg5 d5 17. Rfe1 Nd6 18. a5 b5 19. a6 Rb8 20. Bf4 Rb6 21. Bxd6
Qxd6 22. Reb1 c6 23. Qe3 Kf7 24. Ra2 Qc7 25. Qc1 Ne8 26. e4 fxe4 27. fxe4 dxe4
28. c4 bxc4 29. Rxb6 Qxb6 30. Rf2+ Nf6 31. Qxc4 e3 32. Re2 Qb1+ 33. Kg2 Qe4+ 34.
Kg1 Nd5 35. Qxc6 Qxd4 36. Qd7+ Kf6 37. Qd8+ Kg6 38. Qe8+ Kg5 39. h4+ Kf6 40.
Qf8+ Kg6 41. Qe8+ Kf6 42. Qf8+ Kg6 43. Qe8+ Kf6 44. Qf8+ 1/2-1/2

[Event "PRO League Group Stage"]
[Site "chess.com INT"]
[Date "2018.03.07"]
[Round "9"]
[White "Tania, Sachdev"]
[Black "Demidov, Mikhail"]
[Result "1/2-1/2"]
[WhiteTitle "IM"]
[BlackTitle "IM"]
[WhiteElo "2402"]
[BlackElo "2523"]
[WhiteTeam "Delhi Dynamite"]
[BlackTeam "Volga Stormbringers"]
[WhiteFideId "5007844"]
[BlackFideId "4197143"]
[EventDate "2018.01.18"]

1. d4 d5 2. c4 c6 3. Nf3 Nf6 4. Nc3 dxc4 5. a4 Bf5 6. Ne5 Na6 7. e3 Nb4 8. Bxc4
e6 9. O-O Be7 10. a5 O-O 11. Qe2 c5 12. e4 Bg6 13. Nxg6 hxg6 14. e5 Nfd5 15.
dxc5 Nxc3 16. bxc3 Nc6 17. a6 bxa6 18. Rxa6 Qc7 19. Bb5 Nb8 20. Ra4 a6 21. Rd1
Qxc5 22. Ba3 Qc7 23. Bd6 Bxd6 24. exd6 Qxc3 25. d7 Rd8 26. Rc4 Qf6 27. Ba4 Ra7
28. Rc8 Nxd7 29. Rxd8+ Qxd8 30. Qd3 a5 31. Bxd7 a4 32. Bb5 Qxd3 33. Bxd3 a3 34.
Ra1 Kf8 35. Kf1 Ke7 36. Ke2 Kd6 37. Kd2 f5 38. Kc3 e5 39. Kb3 e4 40. Be2 Rb7+
41. Kxa3 Ke5 42. Rc1 Rd7 43. Kb2 g5 44. Rc5+ Kf6 45. Kc2 g4 46. Bb5 Ra7 47. Bc4
Rb7 48. Bd5 Rd7 49. Rc6+ Kg5 50. Be6 Ra7 51. Rc5 g6 52. g3 Rh7 53. Kd2 Rxh2 54.
Ke3 Rh7 55. Bd5 Ra7 56. Rc6 Ra3+ 57. Ke2 Ra7 58. Ke3 Ra3+ 59. Ke2 Ra7 60. Ke3
Ra3+ 61. Ke2 1/2-1/2

[Event "PRO League Group Stage"]
[Site "chess.com INT"]
[Date "2018.03.07"]
[Round "9"]
[White "Kuybokarov, Temur"]
[Black "Macieja, Bartlomiej"]
[Result "0-1"]
[WhiteTitle "IM"]
[BlackTitle "GM"]
[WhiteElo "2472"]
[BlackElo "2550"]
[WhiteTeam "Australia Kangaroos"]
[BlackTeam "Rio Grande Ospreys"]
[WhiteFideId "14203049"]
[BlackFideId "1104306"]
[EventDate "2018.01.18"]

1. d4 Nf6 2. c4 e6 3. Nc3 Bb4 4. f3 d5 5. a3 Bxc3+ 6. bxc3 c6 7. e4 dxe4 8. fxe4
e5 9. Nf3 Qa5 10. Bd2 Nxe4 11. Bd3 Nxd2 12. Qxd2 exd4 13. O-O Be6 14. Rab1 dxc3
15. Qf4 Nd7 16. Qh4 h6 17. Rxb7 O-O 18. Qe4 Nf6 19. Qxc6 Rfd8 20. Ne1 Rac8 21.
Qb5 Qxa3 22. Qb4 Qxb4 23. Rxb4 Rxd3 24. Nxd3 Bxc4 25. Rxc4 Rxc4 26. Ra1 Rd4 27.
Ne1 Nd5 28. Rxa7 Rd1 29. Kf2 c2 0-1

[Event "PRO League Group Stage"]
[Site "chess.com INT"]
[Date "2018.03.07"]
[Round "9"]
[White "Kuybokarov, Temur"]
[Black "Ruiz Castillo, Joshua Daniel"]
[Result "1-0"]
[WhiteTitle "IM"]
[BlackTitle "IM"]
[WhiteElo "2472"]
[BlackElo "2368"]
[WhiteTeam "Australia Kangaroos"]
[BlackTeam "Rio Grande Ospreys"]
[WhiteFideId "14203049"]
[BlackFideId "4400704"]
[EventDate "2018.01.18"]

1. d4 Nf6 2. c4 e6 3. Nc3 Bb4 4. Qc2 O-O 5. Nf3 c5 6. dxc5 Na6 7. g3 Nxc5 8. Bg2
b6 9. O-O Bb7 10. Nb5 Nce4 11. Ng5 d5 12. Rd1 Qc8 13. Nxe4 Nxe4 14. a3 Be7 15.
Bf4 a6 16. Nc7 Ra7 17. cxd5 exd5 18. Rac1 Qf5 19. f3 Bc5+ 20. e3 Nd6 21. b4
Bxe3+ 22. Bxe3 Qxc2 23. Rxc2 Nc4 24. Rxc4 dxc4 25. Bxb6 1-0

[Event "PRO League Group Stage"]
[Site "chess.com INT"]
[Date "2018.03.07"]
[Round "9"]
[White "Quesada Perez, Yuniesky"]
[Black "Shetty, Atulya"]
[Result "1-0"]
[WhiteTitle "GM"]
[BlackTitle "IM"]
[WhiteElo "2627"]
[BlackElo "2389"]
[WhiteTeam "Miami Champions"]
[BlackTeam "Pittsburgh Pawngrabbers"]
[WhiteFideId "3504409"]
[BlackFideId "2031213"]
[EventDate "2018.01.18"]

1. e4 e6 2. d4 d5 3. Nc3 Nf6 4. e5 Nfd7 5. Nce2 c5 6. c3 Nc6 7. Nf3 Be7 8. a3
O-O 9. Nf4 cxd4 10. cxd4 b5 11. Bd3 Qb6 12. h4 g6 13. Be3 b4 14. h5 bxa3 15.
hxg6 fxg6 16. bxa3 Rxf4 17. Bxf4 Nxd4 18. O-O Nxf3+ 19. Qxf3 Nc5 20. Rab1 Qa5
21. Bb5 Bb7 22. Qg4 Qc7 23. Rfc1 Rf8 24. Be3 a6 25. Bf1 d4 26. Qxd4 Rc8 27. Rxc5
Bxc5 28. Qxc5 Qxc5 29. Bxc5 Rxc5 30. Rxb7 Rxe5 31. Ra7 a5 32. a4 1-0

[Event "PRO League Group Stage"]
[Site "chess.com INT"]
[Date "2018.03.07"]
[Round "9"]
[White "Quesada Perez, Yuniesky"]
[Black "Bora, Safal"]
[Result "1-0"]
[WhiteTitle "GM"]
[BlackTitle "IM"]
[WhiteElo "2627"]
[BlackElo "2370"]
[WhiteTeam "Miami Champions"]
[BlackTeam "Pittsburgh Pawngrabbers"]
[WhiteFideId "3504409"]
[BlackFideId "2066149"]
[EventDate "2018.01.18"]

1. e4 e5 2. Nf3 Nc6 3. Bc4 Bc5 4. d3 Nf6 5. c3 O-O 6. O-O d5 7. exd5 Nxd5 8. a4
a5 9. Re1 Bg4 10. h3 Bh5 11. Nbd2 Nb6 12. Bb5 f6 13. Ne4 Be7 14. Ng3 Bf7 15. d4
exd4 16. Bxc6 bxc6 17. Nxd4 Bc5 18. Qg4 Bxd4 19. cxd4 Nd5 20. Bd2 Qc8 21. Qf3
Qd7 22. Ne4 Nb6 23. Qg4 Qxg4 24. hxg4 Nc4 25. Bc3 Rfb8 26. Re2 Re8 27. Rae1 Bg6
28. Nc5 Rxe2 29. Rxe2 Kf7 30. f3 Nd6 31. Kf2 Bd3 32. Nxd3 1-0

[Event "PRO League Group Stage"]
[Site "chess.com INT"]
[Date "2018.03.07"]
[Round "9"]
[White "Rendle, Thomas E"]
[Black "Vachier-Lagrave, Maxime"]
[Result "0-1"]
[WhiteTitle "IM"]
[BlackTitle "GM"]
[WhiteElo "2362"]
[BlackElo "2793"]
[WhiteTeam "London Towers"]
[BlackTeam "Marseille Migraines"]
[WhiteFideId "408760"]
[BlackFideId "623539"]
[EventDate "2018.01.18"]

1. e4 c5 2. Nf3 d6 3. c3 Nf6 4. Be2 Bd7 5. Qc2 Nc6 6. d4 cxd4 7. cxd4 e5 8. d5
Nb4 9. Qb3 Na6 10. Bxa6 bxa6 11. Nc3 Be7 12. O-O O-O 13. Qa3 a5 14. Nxe5 dxe5
15. d6 Bxd6 16. Qxd6 Qb8 17. Rd1 Bg4 18. f3 Be6 19. b3 Rc8 20. Bb2 Nd7 21. Rd2
Qb6+ 22. Qxb6 axb6 23. Rad1 Nc5 24. Nd5 Bxd5 25. Rxd5 f6 26. Rd6 Rab8 27. h4 Kf7
28. h5 b5 29. Rc1 Ne6 30. Rd7+ Ke8 31. Ra7 Nf4 32. Rcc7 Rxc7 33. Rxc7 Nxh5 34.
g4 Nf4 35. Rxg7 Rb6 36. g5 Ne6 37. Rxh7 Nxg5 38. Ra7 Rd6 39. Kf1 Rd2 40. Bc3
Rxa2 41. Rxa5 Rxa5 42. Bxa5 Nxf3 43. Kf2 Nd4 44. b4 Nc6 45. Ke3 Kd7 46. Kd3 Ke6
47. Kc3 f5 48. exf5+ Kxf5 49. Bb6 Ke4 50. Bc5 Kf3 51. Kd3 e4+ 52. Kd2 Ne5 53.
Be7 e3+ 54. Kc3 Ng6 55. Bg5 e2 56. Bd2 Ke4 57. Be1 Nf4 58. Kd2 Kf3 59. Kc3 Ng2
60. Bd2 Ke4 0-1

[Event "PRO League Group Stage"]
[Site "chess.com INT"]
[Date "2018.03.07"]
[Round "9"]
[White "Rendle, Thomas E"]
[Black "Maurizzi, Marc Andria"]
[Result "0-1"]
[WhiteTitle "IM"]
[BlackTitle "CM"]
[WhiteElo "2362"]
[BlackElo "2018"]
[WhiteTeam "London Towers"]
[BlackTeam "Marseille Migraines"]
[WhiteFideId "408760"]
[BlackFideId "36083534"]
[EventDate "2018.01.18"]

1. e4 c5 2. d3 Nc6 3. f4 d5 4. Nf3 dxe4 5. dxe4 Qxd1+ 6. Kxd1 Bg4 7. c3 O-O-O+
8. Kc2 Nf6 9. Nbd2 e6 10. Bb5 Bxf3 11. gxf3 Na5 12. Nb3 a6 13. Be2 Nxb3 14. axb3
Nh5 15. Be3 Bd6 16. e5 Be7 17. Ra5 Kb8 18. f5 exf5 19. Bxc5 Bxc5 20. Rxc5 Nf4
21. Bc4 Rd7 22. Ra5 Rhd8 23. b4 b5 24. Bb3 Rd2+ 25. Kb1 Nd3 26. Bc2 Nxe5 27.
Rxa6 Nc4 28. Re1 Kb7 29. Ra2 g6 30. Bb3 Rxh2 31. Re7+ Kb6 32. Raa7 Rxb2+ 33. Kc1
Rxb3 34. Kc2 Rd2+ 35. Kc1 Rxc3+ 36. Kb1 Rb2+ 37. Ka1 Rc1# 0-1

[Event "PRO League Group Stage"]
[Site "chess.com INT"]
[Date "2018.03.07"]
[Round "9"]
[White "Harmon-Vellotti, Luke"]
[Black "Ostrovskiy, Andrey"]
[Result "1-0"]
[WhiteTitle "IM"]
[BlackTitle "IM"]
[WhiteElo "2468"]
[BlackElo "2448"]
[WhiteTeam "Dallas Destiny"]
[BlackTeam "Las Vegas Desert Rats"]
[WhiteFideId "2030012"]
[BlackFideId "14110326"]
[EventDate "2018.01.18"]

1. e4 e5 2. Nf3 Nc6 3. Bb5 a6 4. Ba4 Nf6 5. O-O Be7 6. d4 exd4 7. Re1 O-O 8. e5
Nd5 9. Nxd4 Nb6 10. Bb3 Nxd4 11. Qxd4 d6 12. exd6 Bxd6 13. Bf4 Bxf4 14. Qxf4 Be6
15. Bxe6 fxe6 16. Qe4 Kh8 17. Nc3 Qf6 18. f3 Nd5 19. Nxd5 exd5 20. Qe5 Qc6 21.
c3 Qb6+ 22. Kh1 h6 23. Re2 Qb5 24. Rae1 Qc4 25. Qg3 d4 26. cxd4 Rad8 27. b3 Qxd4
28. Qxc7 Rd7 29. Qg3 Qf6 30. h3 Qf7 31. Kh2 Rfd8 32. Re6 Rd2 33. Re7 Qf6 34.
R1e6 Qa1 35. Rxb7 Rxa2 36. Ree7 Rg8 37. Qg6 Qc1 38. Rxg7 Qf4+ 39. Qg3 Rxg7 40.
Rxg7 Rxg2+ 41. Kxg2 Qd2+ 42. Kh1 Qd1+ 43. Kh2 1-0

[Event "PRO League Group Stage"]
[Site "chess.com INT"]
[Date "2018.03.07"]
[Round "9"]
[White "Harmon-Vellotti, Luke"]
[Black "Zaloznyy, Mike"]
[Result "1-0"]
[WhiteTitle "IM"]
[WhiteElo "2468"]
[BlackElo "2091"]
[WhiteTeam "Dallas Destiny"]
[BlackTeam "Las Vegas Desert Rats"]
[WhiteFideId "2030012"]
[BlackFideId "2023075"]
[EventDate "2018.01.18"]

1. e4 c6 2. d4 d5 3. Nc3 dxe4 4. Nxe4 Nf6 5. Nxf6+ exf6 6. c3 Bd6 7. Qc2 O-O 8.
Bd3 h6 9. Ne2 Re8 10. Be3 Nd7 11. O-O Nf8 12. h3 Be6 13. Rad1 Qc7 14. c4 Qa5 15.
b3 Ng6 16. d5 cxd5 17. cxd5 Rac8 18. Qb1 Bxd5 19. Bxg6 fxg6 20. Qd3 Red8 21.
Qxd5+ Qxd5 22. Rxd5 Bh2+ 23. Kxh2 Rxd5 24. Nf4 Ra5 25. Nxg6 Kf7 26. Nf4 Rxa2 27.
Rd1 Rc7 28. Rd8 Ke7 29. Ra8 Rd7 30. Bc5+ Rd6 31. Rb8 Kd7 32. Bxd6 Kxd6 33. Rxb7
Rxf2 34. Kg3 Rb2 35. Rxa7 Rxb3+ 36. Kh2 g5 37. Nh5 f5 38. Ra6+ Ke5 39. Ra5+ Ke4
40. Ng3+ Ke3 41. Nxf5+ Kf2 42. Nxh6 1-0

[Event "PRO League Group Stage"]
[Site "chess.com INT"]
[Date "2018.03.07"]
[Round "9"]
[White "Jones, Gawain C B"]
[Black "Bacrot, Etienne"]
[Result "1-0"]
[WhiteTitle "GM"]
[BlackTitle "GM"]
[WhiteElo "2640"]
[BlackElo "2722"]
[WhiteTeam "London Towers"]
[BlackTeam "Marseille Migraines"]
[WhiteFideId "409561"]
[BlackFideId "605506"]
[EventDate "2018.01.18"]

1. Nf3 d5 2. b3 c5 3. e4 dxe4 4. Ng5 e6 5. Nxe4 Nh6 6. Bb2 Nc6 7. Bb5 Bd7 8. Qh5
Nf5 9. Na3 a6 10. Bxc6 Bxc6 11. d3 Qa5+ 12. Kf1 c4 13. g4 Bxe4 14. dxe4 c3 15.
Bc1 Bxa3 16. gxf5 Bb2 17. Bxb2 cxb2 18. Rd1 Rd8 19. Rxd8+ Qxd8 20. Kg2 g6 21.
fxg6 Rg8 22. Rd1 Rxg6+ 23. Kf1 Qf6 24. Qc5 Rg1+ 25. Kxg1 Qg5+ 26. Qxg5 1-0